Marine Pollution Control : (Record no. 3067)

000 -LEADER
fixed length control field 04134cam a2200421Ii 4500
008 - FIXED-LENGTH DATA ELEMENTS--GENERAL INFORMATION
fixed length control field 180706s2018 xx a o 000 0 eng d
020 ## - INTERNATIONAL STANDARD BOOK NUMBER
International Standard Book Number 9781315709925
Qualifying information (e-book : PDF)
020 ## - INTERNATIONAL STANDARD BOOK NUMBER
International Standard Book Number 9781317487388
Qualifying information (e-book: Mobi)
020 ## - INTERNATIONAL STANDARD BOOK NUMBER
International Standard Book Number 9781317487395
Qualifying information (e-book: ePub)
020 ## - INTERNATIONAL STANDARD BOOK NUMBER
Qualifying information (hardback)
040 ## - CATALOGING SOURCE
Original cataloging agency IMU Kochi Library
Language of cataloging eng
040 ## - CATALOGING SOURCE
Original cataloging agency
Description conventions rda
041 0# - LANGUAGE CODE
Language code of text/sound track or separate title eng
072 #7 - SUBJECT CATEGORY CODE
Subject category code LAW034000
Source bisacsh
072 #7 - SUBJECT CATEGORY CODE
Subject category code LAW066000
Source bisacsh
100 1# - MAIN ENTRY--PERSONAL NAME
Personal name Christodoulou-Varotsi, Iliana,
245 10 - TITLE STATEMENT
Title Marine Pollution Control :
Sub Title Legal and Managerial Frameworks /
250 ## - EDITION STATEMENT
Edition statement First edition.
300 ## - PHYSICAL DESCRIPTION
Extent 1 online resource
490 0# - SERIES STATEMENT
Series statement Lloyd's Practical Shipping Guides
520 2# - SUMMARY, ETC.
Summary, etc "This book discusses in a concise manner the key aspects that are important for the understanding of regulations and managerial framework governing marine pollution. It identifies the practical context in which marine pollution comes into play and addresses the international legal regime governing the numerous sources of marine pollution, as well as the ways in which these regulations affect the conduct of day-to-day shipping operations.With illustrations, case studies, emphasis boxes, references to case law and to national jurisdictions and other tools facilitating understanding and knowledge, readers will find helpful guidance on:the sources of marine pollution (including ship-source pollution and pollution from the offshore oil and gas sector);the forms of cooperation needed in order to tackle the prevention, management and response to marine pollution; overview of MARPOL Convention, other key IMO conventions, and selected regional regimes;legal ramifications, including P & I Clubs and limitation of liability;involvement of the flag State, coastal State and port State;industry best practice;the human elementMarine Pollution Control will be a useful guidance tool for shipping Industry professionals, (P & I) Clubs, Legal practitioners, maritime administrators, as well as academics and students of marine pollution. "--Provided by publisher.
650 #0 - SUBJECT ADDED ENTRY--TOPICAL TERM
Topical term or geographic name as entry element Environmental law.
650 #0 - SUBJECT ADDED ENTRY--TOPICAL TERM
Topical term or geographic name as entry element Maritime law.
650 04 - SUBJECT ADDED ENTRY--TOPICAL TERM
Topical term or geographic name as entry element Environmental Law - Law
650 04 - SUBJECT ADDED ENTRY--TOPICAL TERM
Topical term or geographic name as entry element Maritime Law for Professionals
650 04 - SUBJECT ADDED ENTRY--TOPICAL TERM
Topical term or geographic name as entry element Shipping & Maritime Law
856 40 - ELECTRONIC LOCATION AND ACCESS
Uniform Resource Identifier <a href="https://www.taylorfrancis.com/books/9781315709925">https://www.taylorfrancis.com/books/9781315709925</a>
Public note Click here to view.
904 ## - LOCAL DATA ELEMENT D, LDD (RLIN)
CATALOGER Rudra Ranjan
905 ## - LOCAL DATA ELEMENT E, LDE (RLIN)
VERIFIER Rudra Ranjan
942 ## - ADDED ENTRY ELEMENTS (KOHA)
Item type E-Book
264 #1 -
-- London :
-- Taylor and Francis,
-- 2018.
336 ## -
-- text
-- rdacontent
337 ## -
-- computer
-- rdamedia
338 ## -
-- online resource
-- rdacarrier
505 00 - FORMATTED CONTENTS NOTE
-- chapter Introductory chapter --
-- Marine environment protection and shipping regulations /
-- Iliana Christodoulou-Varotsi --
-- chapter 1 Marine Pollution From Oil /
-- Iliana Christodoulou-Varotsi --
-- chapter 2 The international regulation, prevention and management of marine environmental pollution created by the offshore oil and gas industry /
-- Wylie Spicer Peter L'Esperance --
-- chapter 3 Marine oil pollution in the United States of America --
-- A framework for prevention and response to marine oil pollution incidents /
-- Antonio Rodriguez Jake Rodriguez --
-- chapter 4 Marine pollution from sewage /
-- Iliana Christodoulou-Varotsi --
-- chapter 5 Marine pollution from wastes /
-- Iliana Christodoulou-Varotsi --
-- chapter 6 Frameworks governing marine pollution from the transportation of chemicals by sea /
-- Iliana Christodoulou-Varotsi --
-- chapter 7 Air pollution from shipping /
-- Iliana Christodoulou-Varotsi --
-- chapter 8 Other sources of marine pollution --
-- Ballast water, harmful substances in anti-fouling systems, ship-breaking activities and other /
-- Iliana Christodoulou-Varotsi --
-- chapter 9 Preparedness, response, and cooperation in the context of marine pollution /
-- Iliana Christodoulou-Varotsi --
-- chapter 10 The contribution of the human element to marine pollution control /
-- Iliana Christodoulou-Varotsi --
-- chapter 11 Legal aspects of marine pollution from ships /
-- Iliana Christodoulou-Varotsi.

No items available.



Copyright © All Rights Reserved by Indian Maritime University, Kochi Campus.
For any Suggestions/Query Contact to library or Email: library.kochi@imu.ac.in Ph:(0484)-2989402
(Web OPAC Designed by Rudra Ranjan. Maintained by IMU Kochi Library)

Powered by Koha